000 01112nam a22003257a 4500
003 CHAP
005 20220329135627.0
008 971013s1976 r 00010 d
010 _a39572
011 _a40544
035 _a44670
040 _cCHAP
082 _a627.8
_bE84
110 _aE.U.A. Bureau of Reclamation
_934862
245 _aDesing of gravity dams ; design manual for concrete gravity dams
260 _aDenver, Col. :
_bB.R.,
_c1976
300 _a553 p.
_b: ilus. ; gráfs.
490 _aA water resources technical publication
590 _aBATCH-UPD
_b10
_c20130110
_lUCH01
_h1422
590 _aBATCH-UPD
_b10
_c20130410
_lUCH01
_h0903
590 _aBATCH-UPD
_b10
_c20130914
_lUCH01
_h1640
590 _aCONVERSION
_b10
_c20130109
_lUCH01
_h1322
650 1 4 _aIngeniería hidráulica.
_958235
650 1 4 _aPresas.
_991480
830 0 _aA water resources technical publication
_9100
901 _aBK
942 _cLIBRO
949 _a627.8 E84
_bBC
_cLIBRO
_d33724000022729
_eLIBRO
_h51161
_i44670
_si
_t305.00
949 _a627.8 E84
_bBC
_cLIBRO
_d33724000022737
_eLIBRO
_fc.2
_h51162
_i44670
_si
_t305.00
999 _c39572
_d39572